Can You Name Every Barbie Movie in Order? - Statistics

General Stats
  • This quiz has been taken 25 times
  • The average score is 15 of 44
Answer Stats
Year Answer % Correct
2002 Barbie as Rapunzel
100%
2001 Barbie in The Nutcracker
92%
2004 Barbie as The Princess and the Pauper
83%
2005 Barbie: Fairytopia
83%
2003 Barbie of Swan Lake
83%
2007 Barbie as The Island Princess
67%
2006 Barbie in the 12 Dancing Princesses
58%
2005 Barbie and The Magic of Pegasus
50%
2006 Barbie: Fairytopia: Mermaidia
50%
2008 Barbie & The Diamond Castle
50%
2009 Barbie and The Three Musketeers
42%
2013 Barbie & Her Sisters in A Pony Tale
42%
2008 Barbie: Mariposa
42%
2011 Barbie: A Fairy Secret
33%
2010 Barbie: A Fashion Fairytale
33%
2007 Barbie: Fairytopia: Magic of the Rainbow
33%
2008 Barbie in A Christmas Carol
33%
2010 Barbie in a Mermaid Tale
33%
2012 Barbie in A Mermaid Tale 2
33%
2012 Barbie in The Pink Shoes
33%
2011 Barbie: Princess Charm School
33%
2009 Barbie: Thumbelina
33%
2006 The Barbie Diaries
33%
2011 Barbie: A Perfect Christmas
25%
2016 Barbie & Her Sisters in A Puppy Chase
25%
2013 Barbie: Mariposa & the Fairy Princess
25%
2014 Barbie: The Pearl Princess
25%
2012 Barbie: The Princess & the Popstar
25%
2021 Barbie and Chelsea: The Lost Birthday
17%
2014 Barbie and the Secret Door
17%
2015 Barbie in Rock 'N Royals
17%
2020 Barbie: Princess Adventure
17%
2024 Barbie and Stacie to the Resuce
8%
2021 Barbie: Big City Big Dreams
8%
2017 Barbie: Dolphin Magic
8%
2022 Barbie: Epic Road Trip
8%
2015 Barbie & Her Sisters in The Great Puppy Adventure
8%
2015 Barbie in Princess Power
8%
2022 Barbie: Mermaid Power
8%
2023 Barbie: Skipper and the Big Babysitting Adventure
8%
2016 Barbie: Spy Squad
8%
2016 Barbie: Star Light Adventure
8%
2025 Barbie & Teresa: Recipe for Friendship
8%
2017 Barbie: Video Game Hero
8%
No matching quizzes found
Score Distribution
Percent of People with Each Score
Percentile by Number Answered
Your Score History
You have not taken this quiz